00323nam a22001217a 4500003000400000020001800004082001900022100002400041245005000065260003800115300000800153650004000161SGT a9786208448493 a617.6342bN25A aAggrohiya, Shivansh aNewer Strategist in 3-D Pulp Space Obtruation bLambert Academic Publishingc2025 a107 aConservative Dentistry; Endodontics